000 00383nam a22001217a 4500
999 _c1694
_d1694
005 20200903103633.0
008 200903b ||||| |||| 00| 0 eng d
020 _a0408110341
040 _cCML
245 _aThermomechanical Processing of High Strength Low Alloy Steels.
_cTamura, I & others.
260 _aLondon
_bButterworths
_c1988
942 _2ddc
_cBK
_h672.3
_mTAM